000 00417nam a2200169Ia 4500
001 5662
003 IN-NITTTR
005 20251114233011.0
008 251113s9999||||xx |||||||||||||| ||eng||
040 _beng
040 _cIN-NITTTR
041 _aeng
082 _a604.2 S23E
100 _aSharma, B. Dash
245 0 _aEngineering drawing for intermediate engineering students /
_cSharma, B. Dash
942 _2ddc
_cBK
999 _c8299
_d8299